00980nam a2200301 a 450000100060000000300080000600500170001400800410003102000150007203500190008704000230010604100080012908200270013710000300016424500680019425000120026226000440027430000540031850000670037250000220043950400430046165000410050465000420054565000140058765000160060170000330061770000280065059292BD-RjUL20211209080720.0161222s1988 maua b 001 0 eng  a0395356741 a(BD-RjUL)59416 aDLCcDLCdDLCbeng aeng00a658.0973223bPRB 19881 aPride, William M.,d1942-10aBusiness /cWilliam M. Pride, Robert J. Hughes, Jack R. Kapoor. a2nd ed. aBoston :bHoughton Mifflin Co.,cc1988. axxxiv, 713, [49] p. :bill. (some col.) ;c26 cm. aAuthors of the first ed.: Robert J. Hughes and Jack R. Kapoor. aIncludes indexes. aBibliography: p. [11]-[14] (3rd group) 0aBusiness enterpriseszUnited States. 0aIndustrial managementzUnited States. 0aBusiness. 0aManagement.1 aHughes, Robert James,d1946-1 aKapoor, Jack R.,d1937-